000 00406nam a2200181Ia 4500
100 _aBalagurusamy/E.
650 _aComputers
250 _a3RD
942 _cBK
366 _f10
654 _aPROGRAMMING WITH C++
245 _aObject oriented programming With C++
260 _bTata McGraw Hil
_aNew Delhi.
_c2006
082 _a005.33/BAL
_bBAL
300 _a614
546 _aENGLISH
999 _c22124
_d22124